[Event "Junior Online 4NCL Division 5"]
[Site "online"]
[Date "2020.05.14"]
[Round "5.234"]
[White "Garg, Aarav"]
[Black "Nagai, Ken Stephen"]
[Result "0-1"]
[WhiteElo "850"]
[BlackElo "1135"]
[PlyCount "50"]
[EventDate "2020.05.14"]
[WhiteTeam "Leicestershire Juniors 5"]
[BlackTeam "Manchester Juniors B"]

1. e4 e5 2. Nf3 Nc6 3. Nc3 Nf6 4. Bc4 Bc5 5. d3 h6 6. O-O d6 7. Be3 Bg4 8. Bxc5
dxc5 9. h3 Bh5 10. Nd5 Nxd5 11. Bxd5 Nd4 12. Bxb7 Nxf3+ 13. gxf3 Rb8 14. Bc6+
Kf8 15. c3 Rxb2 16. Rb1 Rxb1 17. Qxb1 Bxf3 18. Kh2 Kg8 19. Qb3 Kh7 20. Kg3 Bh5
21. Qd5 Qg5+ 22. Kh2 Qf4+ 23. Kh1 Bf3+ 24. Kg1 Qg5+ 25. Kh2 Qg2# 0-1

[Event "Junior Online 4NCL Division 5"]
[Site "online"]
[Date "2020.05.14"]
[Round "5.235"]
[White "Dobariya, Asin"]
[Black "Burke, Alexander"]
[Result "0-1"]
[WhiteElo "985"]
[BlackElo "1300"]
[PlyCount "38"]
[EventDate "2020.05.14"]
[WhiteTeam "Leicestershire Juniors 5"]
[BlackTeam "Manchester Juniors B"]

1. e4 e5 2. Nf3 d6 3. Bc4 Bg4 4. h3 Bxf3 5. Qxf3 Nf6 6. Nc3 Be7 7. d3 O-O 8.
Bg5 Nbd7 9. Qg3 Nh5 10. Qg4 Bxg5 11. Qxh5 c6 12. Bb3 b5 13. a3 a5 14. Ba2 b4
15. Ne2 bxa3 16. bxa3 Bh6 17. Ng3 a4 18. Nf5 Qa5+ 19. Kd1 Qd2# 0-1

[Event "Junior Online 4NCL Division 5"]
[Site "online"]
[Date "2020.05.14"]
[Round "5.236"]
[White "Eccleston, Rowan"]
[Black "Wakelin, Sam"]
[Result "1-0"]
[WhiteElo "1217"]
[BlackElo "887"]
[PlyCount "75"]
[EventDate "2020.05.14"]
[WhiteTeam "Manchester Juniors B"]
[BlackTeam "Leicestershire Juniors 5"]

1. f4 d5 2. Nf3 Bf5 3. e3 Qd6 4. b3 e6 5. Bb2 Nc6 6. Bb5 Bg4 7. Ba3 Qd7 8. h3
Be7 9. Bxe7 Ngxe7 10. hxg4 h5 11. Ne5 Nxe5 12. Bxd7+ Nxd7 13. Rxh5 O-O 14. Nc3
g6 15. Rh2 b6 16. Qf3 c5 17. Qh3 Kg7 18. g5 Rh8 19. Qg3 Nf5 20. Qf3 Rxh2 21.
O-O-O Nh4 22. Qg3 Rxg2 23. Qxh4 d4 24. exd4 cxd4 25. Rh1 dxc3 26. Qh7+ Kf8 27.
Qh8+ Ke7 28. Qxa8 cxd2+ 29. Kd1 Rf2 30. Qxa7 Kd6 31. Qa3+ Kc6 32. Qa4+ Kd6 33.
Qd4+ Ke7 34. Qxf2 f6 35. Qxd2 fxg5 36. fxg5 e5 37. Rh7+ Ke6 38. Qxd7# 1-0

[Event "Junior Online 4NCL Division 5"]
[Site "online"]
[Date "2020.05.14"]
[Round "5.237"]
[White "Morris, Conor"]
[Black "Casserly, Darcy"]
[Result "0-1"]
[WhiteElo "947"]
[BlackElo "1075"]
[PlyCount "108"]
[EventDate "2020.05.14"]
[WhiteTeam "Leicestershire Juniors 5"]
[BlackTeam "Manchester Juniors B"]

1. e4 e5 2. Qh5 g6 3. Qxe5+ Be7 4. Qxh8 Bb4 5. Qxg8+ Bf8 6. Qxh7 d5 7. Qh4 Qxh4
8. d3 dxe4 9. dxe4 Qxe4+ 10. Be2 Bg4 11. f3 Qb4+ 12. c3 Qa4 13. fxg4 Nc6 14. b3
Qe4 15. Nd2 Qxg2 16. Bf3 Qxh1 17. Bxh1 O-O-O 18. Bxc6 bxc6 19. h4 Be7 20. h5
Bh4+ 21. Kd1 Re8 22. h6 Rh8 23. g5 Bxg5 24. Ne4 Bxh6 25. Nf6 Bxc1 26. Rxc1 Rh1
27. Kd2 c5 28. Ne4 Kd7 29. Nf2 Rh2 30. Nf3 Rxf2+ 31. Ke3 Rxa2 32. Ng5 f6 33.
Nf7 Ra3 34. Rb1 a5 35. c4 Ke6 36. Kd3 Kxf7 37. Rf1 g5 38. Rf5 Rxb3+ 39. Kc2 Rb4
40. Rxc5 g4 41. Kc3 Rb1 42. Rxc7+ Kg6 43. Rc5 g3 44. Kc2 Rh1 45. Rd5 g2 46. Rd1
g1=Q 47. Rd4 Qg3 48. c5 Rh2+ 49. Rd2 Qf4 50. c6 Rxd2+ 51. Kc3 Rh2 52. c7 Rh3+
53. Kc2 Qf2+ 54. Kd1 Rh1# 0-1

[Event "Junior Online 4NCL Division 5"]
[Site "online"]
[Date "2020.05.14"]
[Round "5.238"]
[White "Nagai, Ken Stephen"]
[Black "Garg, Aarav"]
[Result "1-0"]
[WhiteElo "1135"]
[BlackElo "850"]
[PlyCount "37"]
[EventDate "2020.05.14"]
[WhiteTeam "Manchester Juniors B"]
[BlackTeam "Leicestershire Juniors 5"]

1. e4 e5 2. Nf3 Nc6 3. Bc4 Bc5 4. d3 d6 5. h3 Nf6 6. Bg5 Nd4 7. Nxd4 Bxd4 8. c3
d5 9. exd5 h6 10. Bxf6 Qxf6 11. O-O Bc5 12. b4 Bxh3 13. gxh3 Qg5+ 14. Qg4 Qxg4+
15. hxg4 Bb6 16. Bb5+ c6 17. dxc6 bxc6 18. Bxc6+ Kf8 19. Bxa8 1-0

[Event "Junior Online 4NCL Division 5"]
[Site "online"]
[Date "2020.05.14"]
[Round "5.242"]
[White "Omidvar, Dominic"]
[Black "Lewis, Evan"]
[Result "0-1"]
[WhiteElo "974"]
[BlackElo "916"]
[PlyCount "156"]
[EventDate "2020.05.14"]
[WhiteTeam "St John's College C"]
[BlackTeam "TSK Tigers B"]

1. e4 e5 2. Nf3 Nc6 3. Nc3 Nf6 4. Bb5 d6 5. d4 Bg4 6. Bg5 Be7 7. Bxf6 Bxf6 8.
Ne2 Bxf3 9. gxf3 exd4 10. Nxd4 O-O 11. Bxc6 bxc6 12. Nf5 Bxb2 13. Rb1 Rb8 14.
O-O Qf6 15. Re1 Rfe8 16. Kf1 d5 17. a4 dxe4 18. fxe4 c5 19. Re2 Qa6 20. Ng3
Qxa4 21. e5 Qa5 22. c4 Qa3 23. Re3 Qa6 24. Qc2 g6 25. Rxb2 Rxb2 26. Qxb2 Qxc4+
27. Ne2 a5 28. f4 Rd8 29. Qc1 Qxc1+ 30. Nxc1 Rd1+ 31. Re1 Rd4 32. e6 fxe6 33.
Rxe6 Rxf4+ 34. Kg2 Rc4 35. Nb3 Rc2+ 36. Kh1 a4 37. Na5 Kf7 38. Ra6 a3 39. Nb7
a2 40. Ra5 Rc1+ 41. Kg2 a1=Q 42. Rxa1 Rxa1 43. Nxc5 Ra2+ 44. Kg3 Rc2 45. Ne4
Ke6 46. Ng5+ Kf6 47. Nxh7+ Kg7 48. Ng5 Rc3+ 49. Nf3 Kf6 50. Kg4 c5 51. h4 Rxf3
52. Kxf3 c4 53. Ke3 c3 54. Kd3 Kf5 55. Kxc3 Kg4 56. Kd3 Kxh4 57. Ke3 Kg3 58.
Ke2 g5 59. Kf1 Kh2 60. Kf2 g4 61. Kf1 g3 62. Ke2 g2 63. Kf3 g1=Q 64. Kf4 Qg2
65. Ke3 Qf1 66. Ke4 Qf2 67. Kd3 Kg3 68. Ke4 Qf4+ 69. Kd5 Qe3 70. Kc4 Qd2 71.
Kb3 Qc1 72. Kb4 Kf4 73. Kb5 Ke5 74. Kb4 Kd4 75. Kb5 Qc5+ 76. Ka4 Qb6 77. Ka3
Kc3 78. Ka2 Qb2# 0-1

[Event "Junior Online 4NCL Division 5"]
[Site "online"]
[Date "2020.05.14"]
[Round "5.243"]
[White "Elliott, Joseph"]
[Black "Singh, Ayush"]
[Result "1-0"]
[WhiteElo "970"]
[BlackElo "901"]
[PlyCount "69"]
[EventDate "2020.05.14"]
[WhiteTeam "TSK Tigers B"]
[BlackTeam "St John's College C"]

1. e4 e5 2. Nf3 Nc6 3. Bc4 Nf6 4. Ng5 Qe7 5. Nxf7 Rg8 6. Nxe5 Qxe5 7. Bxg8
Qxe4+ 8. Qe2 Nd4 9. Qxe4+ Nxe4 10. Na3 Bxa3 11. Bb3 Bd6 12. O-O Bf4 13. d3 Nc5
14. Bxf4 Ne2+ 15. Kh1 Nxf4 16. Rfe1+ Nce6 17. Bxe6 dxe6 18. g3 Nd5 19. c4 Nb4
20. Rec1 Nxd3 21. Rf1 Nxb2 22. Rac1 Nd3 23. Rcd1 Nb2 24. Rc1 Na4 25. f4 Bd7 26.
g4 Bc6+ 27. Kg1 Rd8 28. f5 exf5 29. Rxf5 Be4 30. Re5+ Kf8 31. Rxe4 Nb2 32. Rb1
Nd3 33. Rf1+ Kg8 34. Re7 Rd4 35. Re8# 1-0

[Event "Junior Online 4NCL Division 5"]
[Site "online"]
[Date "2020.05.14"]
[Round "5.244"]
[White "Omidvar, Lara"]
[Black "Osborne, Finn"]
[Result "1-0"]
[WhiteElo "790"]
[BlackElo "742"]
[PlyCount "23"]
[EventDate "2020.05.14"]
[WhiteTeam "St John's College C"]
[BlackTeam "TSK Tigers B"]

1. e4 e5 2. Nf3 Nc6 3. Bc4 Bb4 4. O-O Nf6 5. Ng5 O-O 6. d3 d6 7. Be3 Ng4 8. Qf3
Qf6 9. c3 Qh6 10. Bxf7+ Rxf7 11. Qxf7+ Kh8 12. Qf8# 1-0

[Event "Junior Online 4NCL Division 5"]
[Site "online"]
[Date "2020.05.14"]
[Round "5.246"]
[White "Lewis, Evan"]
[Black "Omidvar, Dominic"]
[Result "0-1"]
[WhiteElo "916"]
[BlackElo "974"]
[PlyCount "146"]
[EventDate "2020.05.14"]
[WhiteTeam "TSK Tigers B"]
[BlackTeam "St John's College C"]

1. e4 e5 2. Nf3 Nc6 3. d4 exd4 4. c3 dxc3 5. Nxc3 Nf6 6. e5 Nxe5 7. Nxe5 Bd6 8.
Qe2 Qe7 9. Nc4 Qxe2+ 10. Bxe2 Bb4 11. O-O Bxc3 12. bxc3 d5 13. Ne3 Be6 14. c4
dxc4 15. Bxc4 Bxc4 16. Nxc4 O-O-O 17. Re1 Rhe8 18. Rxe8 Rxe8 19. Bg5 Ne4 20.
Bh4 g5 21. Bg3 h5 22. Be5 f6 23. Bb2 g4 24. Re1 f5 25. Nd2 b6 26. f3 gxf3 27.
gxf3 Rg8+ 28. Kf1 Nxd2+ 29. Ke2 Nc4 30. Bc3 a5 31. Rd1 Kb7 32. a4 Ka6 33. Kd3
Nd6 34. Kd4 c6 35. Ke5 Rd8 36. Kf4 b5 37. axb5+ cxb5 38. Kg5 Kb6 39. Kxh5 Kc6
40. Kg5 b4 41. Bf6 Rd7 42. Rc1+ Kb5 43. Rd1 a4 44. h4 b3 45. h5 a3 46. h6 Kc6
47. h7 Rxh7 48. Rd3 b2 49. Rd1 Rb7 50. Rb1 Nc4 51. Re1 b1=Q 52. Re6+ Nd6 53.
Be5 Qc1+ 54. Kf6 Rf7+ 55. Kg6 Qg1+ 56. Kh6 a2 57. Rxd6+ Kb7 58. Rf6 Rxf6+ 59.
Bxf6 Kc6 60. Kh5 Kd5 61. Kh4 Kc4 62. f4 Kd3 63. Bb2 Ke4 64. Kh5 Kxf4 65. Kh6
Ke3 66. Kh7 f4 67. Ba3 Ke4 68. Kh8 f3 69. Bb2 f2 70. Bg7 f1=Q 71. Kh7 Qff2 72.
Bh6 Qf7+ 73. Kh8 Qgg8# 0-1

[Event "Junior Online 4NCL Division 5"]
[Site "online"]
[Date "2020.05.14"]
[Round "5.247"]
[White "Singh, Ayush"]
[Black "Elliott, Joseph"]
[Result "0-1"]
[WhiteElo "901"]
[BlackElo "970"]
[PlyCount "80"]
[EventDate "2020.05.14"]
[WhiteTeam "St John's College C"]
[BlackTeam "TSK Tigers B"]

1. e4 c5 2. Nf3 d6 3. Nc3 Nf6 4. d4 cxd4 5. Nxd4 e5 6. Nf3 Bg4 7. Bc4 Bxf3 8.
gxf3 Be7 9. Bb5+ Nc6 10. Bxc6+ bxc6 11. O-O O-O 12. f4 exf4 13. Bxf4 Rb8 14. e5
dxe5 15. Bxe5 Qxd1 16. Raxd1 Rxb2 17. Nb5 Rxb5 18. Rfe1 Bb4 19. Re3 Ng4 20.
Red3 Nxe5 21. Rd8 Rxd8 22. Rxd8+ Bf8 23. Rd7 Nxd7 24. f4 Rf5 25. c4 Rxf4 26. c5
Ra4 27. h3 Rc4 28. h4 a5 29. a3 a4 30. Kf2 Rc3 31. h5 Rxa3 32. Kg2 Ra1 33. Kg3
a3 34. Kf3 a2 35. Ke3 Re1+ 36. Kd2 Rh1 37. Kc2 a1=Q 38. Kd2 Qa3 39. Ke2 Rh2+
40. Ke1 Qa1# 0-1

[Event "Junior Online 4NCL Division 5"]
[Site "online"]
[Date "2020.05.14"]
[Round "5.248"]
[White "Osborne, Finn"]
[Black "Omidvar, Lara"]
[Result "1-0"]
[WhiteElo "742"]
[BlackElo "790"]
[PlyCount "45"]
[EventDate "2020.05.14"]
[WhiteTeam "TSK Tigers B"]
[BlackTeam "St John's College C"]

1. e4 e5 2. Nf3 Nc6 3. Bb5 Nf6 4. Nc3 Bc5 5. O-O O-O 6. Ng5 Nd4 7. d3 d6 8. g3
Bd7 9. Bxd7 Qxd7 10. Be3 Ng4 11. h3 Nxe3 12. Qh5 h6 13. fxe3 Nxc2 14. Rac1
Bxe3+ 15. Kg2 Bxc1 16. Rxc1 Ne3+ 17. Kf2 hxg5 18. Kxe3 g6 19. Qh6 g4 20. hxg4
Qxg4 21. Rh1 Qxg3+ 22. Kd2 f5 23. Qh7# 1-0

[Event "Junior Online 4NCL Division 5"]
[Site "online"]
[Date "2020.05.14"]
[Round "5.251"]
[White "Wang, Nathaniel"]
[Black "Evans, Macsen"]
[Result "1-0"]
[WhiteElo "1202"]
[BlackElo "691"]
[PlyCount "39"]
[EventDate "2020.05.14"]
[WhiteTeam "Robin Hoods 5"]
[BlackTeam "TSK Tigers C"]

1. e4 e5 2. Nf3 Nc6 3. d4 exd4 4. Bc4 Bb4+ 5. c3 Ba5 6. b4 Bb6 7. O-O dxc3 8.
Nxc3 Nf6 9. Bb2 O-O 10. Re1 Nxb4 11. e5 Ne8 12. Qe2 Nc6 13. Rad1 Ba5 14. Qe4
Nf6 15. Qd3 Ne8 16. Bb3 Nf6 17. exf6 gxf6 18. Bc2 Re8 19. Qxh7+ Kf8 20. Qh8#
1-0

[Event "Junior Online 4NCL Division 5"]
[Site "online"]
[Date "2020.05.14"]
[Round "5.252"]
[White "Quin, Nicolas"]
[Black "Keenan, Isaac"]
[Result "0-1"]
[WhiteElo "660"]
[BlackElo "1180"]
[PlyCount "110"]
[EventDate "2020.05.14"]
[WhiteTeam "TSK Tigers C"]
[BlackTeam "Robin Hoods 5"]

1. e4 e5 2. Nf3 Nc6 3. Bc4 Bc5 4. Nc3 Nf6 5. O-O d6 6. d4 exd4 7. Nd5 Be6 8.
Nxf6+ Qxf6 9. Bxe6 Qxe6 10. Re1 O-O 11. a3 Rfe8 12. b4 Bb6 13. Bb2 Qf6 14. b5
Na5 15. Bxd4 Qe6 16. Qd3 c5 17. Ng5 Qg6 18. Nf3 cxd4 19. Nxd4 d5 20. exd5 Qxd3
21. cxd3 Bxd4 22. Rxe8+ Rxe8 23. Rc1 Nb3 24. Rd1 h6 25. g3 Nc5 26. Rc1 Nxd3 27.
Rc4 Re1+ 28. Kg2 Rc1 29. Rxd4 Ne1+ 30. Kf1 Nf3+ 31. Ke2 Nxd4+ 32. Ke3 Nxb5 33.
d6 Rd1 34. Ke2 Rxd6 35. a4 Nc3+ 36. Kf3 Nxa4 37. h4 g5 38. hxg5 hxg5 39. Kg4
Rd5 40. f4 gxf4 41. Kxf4 b5 42. g4 f6 43. g5 fxg5+ 44. Kg4 Rd1 45. Kf3 Re1 46.
Kf2 Re8 47. Kf3 Kf7 48. Kg4 Re1 49. Kxg5 Rf1 50. Kg4 Ke6 51. Kg3 Ke5 52. Kg2
Rf8 53. Kh3 Rg8 54. Kh4 Kf5 55. Kh5 Rh8# 0-1

[Event "Junior Online 4NCL Division 5"]
[Site "online"]
[Date "2020.05.14"]
[Round "5.253"]
[White "Babu, Guhan"]
[Black "Choung, James Alexander"]
[Result "0-1"]
[WhiteElo "1105"]
[BlackElo "630"]
[PlyCount "116"]
[EventDate "2020.05.14"]
[WhiteTeam "Robin Hoods 5"]
[BlackTeam "TSK Tigers C"]

1. e4 e5 2. Nf3 Nc6 3. Bc4 Nf6 4. Nc3 Bc5 5. d3 O-O 6. O-O Nd4 7. Nxe5 d6 8.
Nf3 Bg4 9. Nd5 Bxf3 10. gxf3 Nxd5 11. Bxd5 c6 12. Bb3 Qf6 13. f4 Qg6+ 14. Kh1
Rae8 15. f5 Qf6 16. Rg1 d5 17. Qh5 Kh8 18. Qg5 Nf3 19. Qxf6 gxf6 20. Rg3 Ne5
21. Bh6 Rg8 22. Bg7+ Rxg7 23. Rxg7 Kxg7 24. Rg1+ Kh8 25. c3 Bxf2 26. Rf1 Nxd3
27. c4 Rg8 28. cxd5 cxd5 29. exd5 Bd4 30. d6 Nf2+ 31. Rxf2 Bxf2 32. h4 Bxh4 33.
Bxf7 Rg4 34. Bd5 Rd4 35. Bxb7 Rxd6 36. a4 Rd1+ 37. Kg2 Rd3 38. Bf3 Rd2+ 39. Kh3
Bg5 40. Kg4 Bh6 41. b4 Kg7 42. a5 Rd4+ 43. Kg3 Rxb4 44. a6 Rb3 45. Kg4 Bg5 46.
Kg3 h5 47. Kf2 h4 48. Bg2 Be3+ 49. Kf3 Bb6+ 50. Kg4 Rb4+ 51. Kh3 Kh6 52. Kh2
Kg5 53. Kh3 Kxf5 54. Kh2 Rb2 55. Kh3 Bf2 56. Kh2 Bg3+ 57. Kh3 Kg5 58. Bf3 Rh2#
0-1

[Event "Junior Online 4NCL Division 5"]
[Site "online"]
[Date "2020.05.14"]
[Round "5.254"]
[White "Squirrell, Baxter"]
[Black "Ying, Alexander"]
[Result "0-1"]
[WhiteElo "589"]
[BlackElo "1097"]
[PlyCount "78"]
[EventDate "2020.05.14"]
[WhiteTeam "TSK Tigers C"]
[BlackTeam "Robin Hoods 5"]

1. e4 c5 2. Nf3 d6 3. Ng5 Nc6 4. Bc4 Be6 5. Nxe6 fxe6 6. Bxe6 Nf6 7. Nc3 g6 8.
O-O Bg7 9. Bd5 Nxd5 10. exd5 Ne5 11. d3 O-O 12. g3 Nf3+ 13. Kh1 Bxc3 14. bxc3
Ne5 15. d4 cxd4 16. cxd4 Ng4 17. Qxg4 Qa5 18. Qd1 Qxd5+ 19. Kg1 e5 20. Bh6 Rf3
21. Rb1 exd4 22. Qc1 b6 23. Rb2 Qf7 24. Qf4 Rxf4 25. gxf4 Qf6 26. a4 d3 27. Ra2
dxc2 28. Rxc2 Rf8 29. Bg5 Qf7 30. Rc6 Qd7 31. Rfc1 Qg4+ 32. Kh1 Rf5 33. Be7
Qf3+ 34. Kg1 Rxf4 35. R6c3 Qxf2+ 36. Kh1 Rg4 37. Rg3 Rxg3 38. hxg3 Qxg3 39. Rg1
Qh3# 0-1

[Event "Junior Online 4NCL Division 5"]
[Site "online"]
[Date "2020.05.14"]
[Round "5.255"]
[White "Evans, Macsen"]
[Black "Wang, Nathaniel"]
[Result "0-1"]
[WhiteElo "691"]
[BlackElo "1202"]
[PlyCount "90"]
[EventDate "2020.05.14"]
[WhiteTeam "TSK Tigers C"]
[BlackTeam "Robin Hoods 5"]

1. e4 c5 2. Qh5 g6 3. Qd1 Nf6 4. Nc3 Bg7 5. Bb5 O-O 6. Nf3 d5 7. exd5 Nxd5 8.
Nxd5 Qxd5 9. O-O Nc6 10. Bxc6 bxc6 11. Ng5 Bb7 12. Nf3 c4 13. Ne1 c5 14. Qf3
Qxf3 15. gxf3 Be5 16. d3 Rad8 17. Bh6 Rfe8 18. f4 Bd4 19. Nf3 Bxf3 20. Rae1
cxd3 21. cxd3 Rd5 22. f5 Rxf5 23. Be3 Rg5+ 24. Bxg5 f6 25. Bh6 Rd8 26. Rxe7 g5
27. Rxa7 f5 28. Bxg5 Rd6 29. Ra8+ Kg7 30. Bf4 Rg6+ 31. Bg3 f4 32. Ra7+ Kf6 33.
Ra6+ Kf5 34. Rxg6 hxg6 35. Bh4 g5 36. Bxg5 Kxg5 37. a4 Bxb2 38. Rb1 Bd4 39. Rb5
Kf5 40. Rb7 Bxb7 41. h4 Bf3 42. Kh2 Be5 43. a5 Be2 44. a6 f3+ 45. Kh3 Bf1# 0-1

[Event "Junior Online 4NCL Division 5"]
[Site "online"]
[Date "2020.05.14"]
[Round "5"]
[White "Keenan, Isaac"]
[Black "Quin, Nicolas"]
[Result "0-1"]
[WhiteElo "1180"]
[BlackElo "660"]
[PlyCount "56"]
[EventDate "2020.05.14"]
[WhiteTeam "Robin Hoods 5"]
[BlackTeam "TSK Tigers C"]

1. d4 d5 2. Bf4 Nc6 3. Nf3 Bg4 4. e3 e6 5. c3 Nf6 6. Bd3 Bxf3 7. Qxf3 Bd6 8.
Bg3 Bxg3 9. hxg3 Qd6 10. e4 dxe4 11. Bxe4 O-O-O 12. Na3 Nxe4 13. Qxe4 f5 14.
Qf3 Nb4 15. cxb4 Qxb4+ 16. Kf1 Qxb2 17. Rb1 Qxa2 18. Qxb7+ Kd7 19. Qb5+ Ke7 20.
Qc5+ Ke8 21. Qc6+ Ke7 22. Qxc7+ Ke8 23. Qc6+ Ke7 24. Rb7+ Kf6 25. Qa6 Rxd4 26.
Kg1 f4 27. gxf4 Rxf4 28. g3 Qxf2# 0-1

[Event "Junior Online 4NCL Division 5"]
[Site "online"]
[Date "2020.05.14"]
[Round "5.1"]
[White "Choung, James Alexander"]
[Black "Babu, Guhan"]
[Result "1-0"]
[WhiteElo "630"]
[BlackElo "1105"]
[PlyCount "111"]
[EventDate "2020.05.14"]
[WhiteTeam "TSK Tigers C"]
[BlackTeam "Robin Hoods 5"]

1. e4 e5 2. Nf3 Nc6 3. Nc3 Bc5 4. Bc4 Nf6 5. d4 exd4 6. e5 Ng4 7. O-O dxc3 8.
bxc3 Ngxe5 9. Bb3 d6 10. Re1 Bg4 11. c4 O-O 12. Bf4 Nxf3+ 13. gxf3 Bh3 14. Bg3
Ne5 15. f4 Ng4 16. Ba4 Nxf2 17. Bxf2 Bxf2+ 18. Kxf2 Qh4+ 19. Kf3 Bg4+ 20. Ke4
Rfe8+ 21. Bxe8 Rxe8+ 22. Kd3 Rxe1 23. Qxe1 Qh3+ 24. Kd4 c5+ 25. Kd5 Be6+ 26.
Kxd6 Qh6 27. f5 Bxf5+ 28. Kxc5 Qc6+ 29. Kd4 Qd6+ 30. Kc3 Qa3+ 31. Kd2 h6 32.
Rb1 Qxa2 33. Rxb7 Qxc2+ 34. Ke3 Qe4+ 35. Kd2 Qxb7 36. Qe8+ Kh7 37. Qe5 Qg2+ 38.
Ke3 Qh3+ 39. Kf2 Qh4+ 40. Kf3 Bg4+ 41. Kg2 Qh3+ 42. Kf2 Qf3+ 43. Kg1 Qd1+ 44.
Kf2 Qc2+ 45. Ke3 Qxc4 46. Qe4+ f5 47. Qxc4 a5 48. Qa4 Kg6 49. Qxa5 Kh5 50. Kf2
g5 51. Kg3 f4+ 52. Kg2 Kh4 53. Qb6 f3+ 54. Kf2 Kh3 55. Qxh6+ Bh5 56. Qxh5# 1-0

[Event "Junior Online 4NCL Division 5"]
[Site "online"]
[Date "2020.05.14"]
[Round "5.2"]
[White "Ying, Alexander"]
[Black "Squirrell, Baxter"]
[Result "1-0"]
[WhiteElo "1097"]
[BlackElo "589"]
[PlyCount "63"]
[EventDate "2020.05.14"]
[WhiteTeam "Robin Hoods 5"]
[BlackTeam "TSK Tigers C"]

1. e4 e5 2. Nf3 Nc6 3. Bc4 Bc5 4. c3 Nh6 5. d4 exd4 6. cxd4 Nxd4 7. Nxd4 O-O 8.
Bxh6 Qf6 9. Be3 d6 10. Nc3 Bd7 11. Nb3 Bb4 12. O-O b6 13. a3 Bxc3 14. bxc3 Qxc3
15. Bd5 Rae8 16. Rb1 c6 17. Bd4 Qc2 18. Qxc2 cxd5 19. exd5 h6 20. Rbe1 Bb5 21.
Rxe8 Rxe8 22. Rd1 Rb8 23. Qc3 Ra8 24. Qg3 Kf8 25. Qxg7+ Ke7 26. Qxh6 Kd7 27.
Re1 a5 28. Qh3+ Kc7 29. Qh7 Kb7 30. Qxf7+ Ka6 31. Qc7 Bd7 32. Qxb6# 1-0

[Event "Junior Online 4NCL Division 5"]
[Site "online"]
[Date "2020.05.14"]
[Round "5.5"]
[White "Murthy, Rishab"]
[Black "Dissanayake, Sathsara"]
[Result "1/2-1/2"]
[WhiteElo "1150"]
[BlackElo "850"]
[PlyCount "117"]
[EventDate "2020.05.14"]
[WhiteTeam "Hallfield School C"]
[BlackTeam "Blue Foxes 2"]

1. d4 d5 2. Nc3 Nc6 3. Bf4 e6 4. Nb5 Bd6 5. Nxd6+ cxd6 6. Nf3 Nf6 7. Qd2 O-O 8.
O-O-O Nh5 9. h3 Nxf4 10. Qxf4 Qf6 11. Qxd6 Rd8 12. Qg3 Rd7 13. e3 Rd8 14. Bb5
a6 15. Bxc6 bxc6 16. Ne5 Bb7 17. Ng4 Qg6 18. Qc7 Rab8 19. Rhg1 Ba8 20. Ne5 Qf6
21. Rdf1 Rdc8 22. Qa5 Bb7 23. Nd7 Qd8 24. Qxd8+ Rxd8 25. Nxb8 Rxb8 26. f3 f6
27. e4 e5 28. dxe5 fxe5 29. exd5 cxd5 30. f4 e4 31. f5 Rf8 32. g4 g6 33. fxg6
Rxf1+ 34. Rxf1 hxg6 35. h4 Kh7 36. h5 gxh5 37. gxh5 Kh6 38. Rh1 d4 39. Rd1 d3
40. cxd3 exd3 41. Rxd3 Kxh5 42. a4 Be4 43. Re3 Bf5 44. Re5 Kg4 45. Rxf5 Kxf5
46. Kc2 Ke5 47. Kc3 Kd6 48. b4 Kc6 49. Kc4 Kb6 50. b5 axb5+ 51. axb5 Kb7 52.
Kb4 Kb6 53. Kc4 Kb7 54. Kc5 Kb8 55. b6 Kb7 56. Kb5 Kb8 57. Kc6 Ka8 58. b7+ Kb8
59. Kb6 1/2-1/2

[Event "Junior Online 4NCL Division 5"]
[Site "online"]
[Date "2020.05.14"]
[Round "5.7"]
[White "Gandhi, Preesh"]
[Black "Gadhia, Sathya"]
[Result "1-0"]
[WhiteElo "947"]
[BlackElo "812"]
[PlyCount "25"]
[EventDate "2020.05.14"]
[WhiteTeam "Hallfield School C"]
[BlackTeam "Blue Foxes 2"]

1. e4 e5 2. Nf3 Nc6 3. Bc4 h6 4. O-O Nf6 5. Re1 d5 6. exd5 Nxd5 7. Nxe5 Nxe5 8.
Rxe5+ Ne7 9. Qf3 f6 10. Qh5+ Kd7 11. Re1 Nc6 12. Qd5+ Bd6 13. Qe6# 1-0

[Event "Junior Online 4NCL Division 5"]
[Site "online"]
[Date "2020.05.14"]
[Round "5.8"]
[White "Gadhia, Sai"]
[Black "Patel, Diah Dipal"]
[Result "0-1"]
[WhiteElo "775"]
[BlackElo "707"]
[PlyCount "74"]
[EventDate "2020.05.14"]
[WhiteTeam "Blue Foxes 2"]
[BlackTeam "Hallfield School C"]

1. e4 e5 2. Nf3 Nc6 3. Nc3 Nf6 4. Bb5 Bb4 5. a3 Bc5 6. g3 O-O 7. O-O d6 8. d4
exd4 9. Na4 Bg4 10. h3 Bxh3 11. Kh2 Bxf1 12. Qxf1 Ng4+ 13. Kh3 Nh6 14. b4 Bb6
15. c4 Qf6 16. e5 Qxf3 17. Qg2 Qg4+ 18. Kh2 Qh5+ 19. Qh3 Qe2 20. Qf1 Qxf1 21.
c5 dxc5 22. bxc5 Ba5 23. Nb2 Qxb5 24. a4 Qxc5 25. f4 Bc3 26. Ra3 Qxa3 27. Nd3
Qxa4 28. Nc5 Qb5 29. Ne6 Rfe8 30. Ng5 Ng4+ 31. Kh3 Nf2+ 32. Kg2 Nd3 33. e6 Nxc1
34. exf7+ Kf8 35. f5 Re2+ 36. Kg1 Nd3 37. f6 Qb1# 0-1

[Event "Junior Online 4NCL Division 5"]
[Site "online"]
[Date "2020.05.14"]
[Round "5.9"]
[White "Dissanayake, Sathsara"]
[Black "Murthy, Rishab"]
[Result "1-0"]
[WhiteElo "850"]
[BlackElo "1150"]
[PlyCount "69"]
[EventDate "2020.05.14"]
[WhiteTeam "Blue Foxes 2"]
[BlackTeam "Hallfield School C"]

1. e4 e5 2. Nf3 Nc6 3. Bb5 Nd4 4. Nxd4 exd4 5. O-O c6 6. Be2 Bc5 7. d3 Nf6 8.
Bg5 O-O 9. Bxf6 Qxf6 10. Qd2 d6 11. Qd1 Qg6 12. Na3 Bxa3 13. bxa3 Bh3 14. Bf3
Rad8 15. Rb1 Rb8 16. Rb3 Rfd8 17. Qb1 Rd7 18. Re1 b6 19. Kh1 Be6 20. Rb4 c5 21.
Rb2 Rdb7 22. a4 a5 23. e5 d5 24. Rb3 c4 25. dxc4 Bg4 26. Bxd5 Rd7 27. Bc6 Qxc6
28. f3 Be6 29. Rd1 Bxc4 30. Rb2 Rdb7 31. Rxd4 Qxa4 32. Rb3 Qc6 33. Rc3 Bb5 34.
Rxc6 Bxc6 35. Rd6 1-0

[Event "Junior Online 4NCL Division 5"]
[Site "online"]
[Date "2020.05.14"]
[Round "5.10"]
[White "Khashu, Rohan"]
[Black "Mittal, Aarav"]
[Result "1-0"]
[WhiteElo "1097"]
[BlackElo "812"]
[PlyCount "57"]
[EventDate "2020.05.14"]
[WhiteTeam "Hallfield School C"]
[BlackTeam "Blue Foxes 2"]

1. e4 e5 2. Nf3 Nf6 3. Nxe5 Nc6 4. Nxc6 bxc6 5. Nc3 Bb4 6. Qf3 d5 7. exd5 cxd5
8. Qg3 d4 9. Ne2 Ne4 10. Qxg7 Rf8 11. Qe5+ Be6 12. Qxe4 Qg5 13. Qxa8+ Ke7 14.
Qxa7 Bc4 15. Qxd4 Bd6 16. d3 Bd5 17. Bxg5+ f6 18. Bh6 Rg8 19. Qxd5 Rxg2 20.
Bxg2 c5 21. Qe4+ Kd7 22. O-O-O Bf4+ 23. Qxf4 c4 24. dxc4+ Ke7 25. Qd6+ Kf7 26.
Be4 Kg8 27. Qd8+ Kf7 28. Rd7+ Ke6 29. Qe8# 1-0

[Event "Junior Online 4NCL Division 5"]
[Site "online"]
[Date "2020.05.14"]
[Round "5.11"]
[White "Gadhia, Sathya"]
[Black "Gandhi, Preesh"]
[Result "1-0"]
[WhiteElo "812"]
[BlackElo "947"]
[PlyCount "85"]
[EventDate "2020.05.14"]
[WhiteTeam "Blue Foxes 2"]
[BlackTeam "Hallfield School C"]

1. e4 c5 2. Nf3 d6 3. d4 cxd4 4. Qxd4 Nc6 5. Qc3 e5 6. Bg5 Qa5 7. Qxa5 Nxa5 8.
Nc3 g6 9. O-O-O b6 10. Nb5 Kd7 11. Nxe5+ Ke6 12. Nc7+ Kxe5 13. Nxa8 Ke6 14.
Nc7+ Kd7 15. Nd5 f5 16. Nf6+ Nxf6 17. Bxf6 Rg8 18. Bb5+ Kc7 19. Rd3 fxe4 20.
Rc3+ Kb7 21. Rd1 Be6 22. b4 Nc4 23. Bxc4 Bxc4 24. Rxc4 g5 25. Re1 Rg6 26. Bc3
d5 27. Rd4 Rc6 28. Bd2 Bg7 29. Rxd5 h6 30. Rxe4 Rf6 31. Re7+ Ka6 32. Rxg7 Rxf2
33. a4 Rxg2 34. Rdd7 b5 35. Rxa7+ Kb6 36. Be3+ Kc6 37. Rgc7+ Kd6 38. Bc5+ Ke6
39. Ra6+ Kf5 40. Rf7+ Kg4 41. Rxh6 bxa4 42. h3+ Kg3 43. Bd6# 1-0

[Event "Junior Online 4NCL Division 5"]
[Site "online"]
[Date "2020.05.14"]
[Round "5.12"]
[White "Patel, Diah Dipal"]
[Black "Gadhia, Sai"]
[Result "1-0"]
[WhiteElo "707"]
[BlackElo "775"]
[PlyCount "87"]
[EventDate "2020.05.14"]
[WhiteTeam "Hallfield School C"]
[BlackTeam "Blue Foxes 2"]

1. e4 e5 2. Bc4 d5 3. exd5 c6 4. dxc6 bxc6 5. Nf3 Nf6 6. Nxe5 c5 7. Nc6 Nxc6 8.
Nc3 Qe7+ 9. Be2 Nd4 10. O-O Nxe2+ 11. Nxe2 Ne4 12. f3 Ng5 13. d3 c4 14. dxc4
Qd8 15. Nd4 Bc5 16. Re1+ Kf8 17. c3 a5 18. h4 Ne6 19. Re4 f5 20. Rxe6 Kf7 21.
Bg5 Bxe6 22. Bxd8 Raxd8 23. Rc1 a4 24. b4 Bb6 25. c5 Ba7 26. Nc6 Rxd1+ 27. Rxd1
Bb8 28. Nxb8 Rxb8 29. c6 Rc8 30. Rd6 Bxa2 31. b5 a3 32. b6 Rb8 33. c7 Rc8 34.
Rd7+ Ke6 35. Rxg7 Bb1 36. b7 Rb8 37. cxb8=Q a2 38. Qa8 a1=Q 39. Qxa1 f4 40.
Qxb1 h5 41. Qb5 Kf6 42. Rc7 Kg6 43. b8=Q Kh6 44. Q8b6# 1-0